| 000 | 00935nam a22002297a 4500 | ||
|---|---|---|---|
| 999 |
_c2431 _d2431 |
||
| 003 | AR-CdUCM | ||
| 008 | 190304b ||||| |||| 00| 0 spa d | ||
| 040 |
_aMUNICIPALIDAD PROVINCIAL DEL CUSCO _cBIBLIOTECA MUNICIPAL DEL CUSCO |
||
| 082 |
_22ed. _a082.E / _bEL10 |
||
| 100 |
_aMariátegui, José Carlos _92478 |
||
| 245 | _aEnsayos Escogidos | ||
| 260 |
_aLima : _bEditora Latinoamericana S.A., _c1958. |
||
| 300 |
_a112 Páginas ; _c17 cm. |
||
| 440 |
_aEdicion publicasa para El Quinto Festival del Libro realizado en Perú, diciembre de 1958 _98728 |
||
| 505 | _aContenido: Esquema de la Evolución Económica -- Sumaria revisión histórica del problema del indio -- Aniversario y Balance -- Mensaje al congreso Boliviano... | ||
| 650 |
_aEnsayos sobre el Perú _98729 |
||
| 650 |
_aEl problema del Indio _98730 |
||
| 650 |
_aEconomía campesina _92215 |
||
| 650 |
_aCuentos peruanos _97 |
||
| 942 |
_2ddc _cLIBROS |
||
| 945 | _adavv | ||